Brotherhood in Death (Record no. 2014)

MARC details
005 - DATE AND TIME OF LATEST TRANSACTION
control field 20250506114804.0
020 ## - INTERNATIONAL STANDARD BOOK NUMBER
International Standard Book Number 978-0-349-41078-4
082 ## - DEWEY DECIMAL CLASSIFICATION NUMBER
Classification number 813.6 ROB
100 ## - MAIN ENTRY--PERSONAL NAME
Author name ROBB, J. D.
245 ## - TITLE STATEMENT
Title Brotherhood in Death
260 ## - PUBLICATION, DISTRIBUTION, ETC.
Place of publication, distribution, etc. London,
Name of publisher, distributor, etc. Piatkus,
Date of publication, distribution, etc. 2016.
300 ## - PHYSICAL DESCRIPTION
Extent 388p.,
Dimensions 22cm.
942 ## - ADDED ENTRY ELEMENTS (KOHA)
Source of classification or shelving scheme Dewey Decimal Classification
Koha item type Books
Holdings
Date last seen Total checkouts Full call number Barcode Cost, replacement price Price effective from Koha item type Lost status Source of classification or shelving scheme Damaged status Not for loan Withdrawn status Home library Current library Shelving location Date acquired Cost, normal purchase price
05/06/2025   813.6 ROB 0000006129 165000.00 04/06/2018 Books   Dewey Decimal Classification       College of Business Education Main Library College of Business Education Main Library General Collection 05/06/2025 55000.00